| 000 | 00523nam a2200217 i 4500 | ||
|---|---|---|---|
| 001 | bgj | ||
| 100 | 1 | _aTYLER, Anne | |
| 245 | 1 | 0 |
_aA Slipping-Down Life / _cAnne Tyler. |
| 260 |
_aNew York : _bBerkley Book, _c1983. |
||
| 300 |
_a222 pp ; _c18 cm. |
||
| 650 | 9 | _aHigh school students | |
| 650 | 9 | _aTeenage girls | |
| 650 | 9 | _aRock musician | |
| 655 | _aFiction | ||
| 020 | _a0425061426 | ||
| 040 | _cBPK | ||
| 041 | 0 | _aeng | |
| 920 | _a0-425-06142-6 | ||
| 942 | _cKS | ||
| 008 | s uk f |000 0 eng | ||
| 999 |
_c48519 _d48519 |
||
| 856 |
_uhttp://koha.tu.koszalin.pl/cgi-bin/koha/opac-detail.pl?biblionumber=48519 _yKatalog online BPK |
||